000 00857cam a22002771 4500
001 748130
003 OSt
005 20170303101407.0
008 800909s1951 nyua b 001 0 eng
010 _a 51011035
020 _a0486222179
040 _aDLC
_cDLC
_dDLC
043 _an-us---
050 0 0 _aNK806
_b.L5 1951
082 0 0 _a745/.0973
_219
100 1 _aLipman, Jean,
245 1 0 _aAmerican folk decoration,
_cby Jean Lipman, with practical instruction by Eve Meulendyke.
260 _aNew York,
_bOxford University Press,
_c1951.
300 _axii, 163 p.
_billus. (part col.)
_c29 cm.
504 _aBibliography: p. 157-159.
650 0 _aDecoration and ornament, Rustic
_zUnited States.
650 0 _aFolk art
_zUnited States.
700 1 _aMeulendyke, Eve.
906 _a7
_bcbc
_corignew
_du
_eocip
_f19
_gy-gencatlg
942 _2lcc
_cBK
999 _c255967
_d255966